Fischer contra Spassky / (Record no. 72623)

MARC details
000 -LEADER
campo de control de longitud fija 00551nam a2200181 i 4500
001 - NÚMERO DE CONTROL
campo de control 72623
003 - IDENTIFICADOR DE NÚMERO DE CONTROL
campo de control ES-MaACL
005 - FECHA Y HORA DE LA ÚLTIMA TRANSACCIÓN
campo de control 20230906171509.0
007 - CAMPO FIJO DE DESCRIPCIÓN FÍSICA--INFORMACIÓN GENERAL
campo de control de longitud fija t|
008 - DATOS DE LONGITUD FIJA--INFORMACIÓN GENERAL
campo de control de longitud fija 040902s1972 sp ||||1| spa d
100 1# - ENTRADA PRINCIPAL--NOMBRE DE PERSONA
Nombre de persona Gligoric, Svetozar.
9 (RLIN) 57441
245 10 - MENCIÓN DEL TÍTULO
Título Fischer contra Spassky /
Mención de responsabilidad, etc. Svetozar Gligoric ; [traducción, Domingo Santos y Luis Vigi].
260 ## - PUBLICACIÓN, DISTRIBUCIÓN, ETC.
Lugar de publicación, distribución, etc. Santiago de Chile :
Nombre del editor, distribuidor, etc. Pomaire,
Fecha de publicación, distribución, etc. [1972]
300 ## - DESCRIPCIÓN FÍSICA
Extensión 254 p. ;
Dimensiones 20 cm.
700 1# - ENTRADA AGREGADA--NOMBRE PERSONAL
Nombre de persona Santos, Domingo.
9 (RLIN) 103468
700 1# - ENTRADA AGREGADA--NOMBRE PERSONAL
Nombre de persona Vigi, Luis.
9 (RLIN) 114621
852 ## - LOCALIZACIÓN
Ubicación ES-MaACL
Número de control de estantería C-49294
Sublocalización o colección R.84035
Holdings
Estatus retirado Estado de pérdida Estado de daño No para préstamo Biblioteca de origen Biblioteca actual Ubicación en estantería Fecha de adquisición Fuente de adquisición Total de préstamos Signatura topográfica completa Código de barras Visto por última vez Precio de reemplazo Tipo de ítem Koha
        Biblioteca del Ateneo de Madrid Biblioteca del Ateneo de Madrid Depósito 2 17/01/2008     C-49294 1076026 23/02/2023 23/02/2023 Libro impreso